Podnik se zahraniční majetkovou účastí a daňové povinnosti. 2.

Prednosti dane z obratu vo forme dane z pridanej hodnoty. Táto daň bola povinne zavedená v štátoch EHS a postupne sa zavádza aj v iných krajinách. Refundácia dane z pridanej hodnoty v zahraničí.

Gespeichert in:
Bibliographische Detailangaben
1. Verfasser: Aleš, Jan
Format: Buchkapitel
Sprache:Tschechisch
Schlagworte:
Tags: Tag hinzufügen
Keine Tags, Fügen Sie das erste Tag hinzu!

MARC

LEADER 00000naa a2200000 4500
001 r002853
005 20220819175628.5
041 0 |a cze 
044 |a [CS] 
245 1 0 |a Podnik se zahraniční majetkovou účastí a daňové povinnosti. 2.  |c Jan Aleš 
520 |a Prednosti dane z obratu vo forme dane z pridanej hodnoty. Táto daň bola povinne zavedená v štátoch EHS a postupne sa zavádza aj v iných krajinách. Refundácia dane z pridanej hodnoty v zahraničí. 
610 2 0 |a podnik zmiešaný 
610 2 0 |a kapitál zahraničný 
610 2 0 |a dane z obratu 
610 2 0 |a EHS 
610 2 0 |a dane z hodnoty pridanej 
100 1 |a Aleš, Jan